000 006450000a22002050004500
003 LK-CoMWRAF
005 20231106164710.0
008 230817t1989 ||||| |||| 00| 0 eng d
020 _a0892590815
040 _aLK-CoMWRAF
_dLK-CoMWRAF
_eLK-CoMWRAF
041 _aeng
082 _a363.96
_bEBR
100 _aEbrahim, Abul Fadl Mohsin
245 _aAbortion, birth control and surrogate parenting:
_b an Islamic perspective
260 _aRiyadh:
_bAmerican Trust
_c1989
300 _avii, 103 p. ; 23 cm
_bBibliography and index included
650 _aABORTION-Islamic perspective
650 _aBIRTH CONTROL-Islamic perspective
942 _cBK
999 _c1021
_d1021